Automarken #2 - Statistiken

Allgemein
  • Dieses Quiz wurde 1.894 mal gespielt
  • Das Durchschnittsergebnis liegt bei 7 aus 10
Antworten auf der Karte
Die Antworten werden auf der Karte rot bzw. grün angezeigt, abhängig davon wie oft sie richtig erraten wurden.
 
Antwortstatistiken
Antwort % Korrekt
Tesla
95%
Mercedes-Benz
93%
Alfa-Romeo
85%
Chevrolet
85%
Lexus
83%
McLaren
76%
Infiniti
65%
Pontiac
53%
Saab
52%
Chrysler
50%
Keine übereinstimmenden Quizze gefunden
Verteilung der Resultate
Anzahl Personen mit jedem Resultat
Perzentil nach korrekt beantworteten Fragen
Ihre Resultats-Entwicklung
Sie haben dieses Quiz noch nicht gespielt